| 000 | 00595nam a2200193 i 4500 | ||
|---|---|---|---|
| 001 | 183375 | ||
| 003 | ES-MaACL | ||
| 005 | 20250815070151.0 | ||
| 008 | 140409s1911 it | |||| ||ita d | ||
| 100 | 1 |
_aVittorelli, Jacopo ( _d1749-1835) _9154683 |
|
| 245 | 1 | 0 |
_aPoesie / _cIacopo Vittorelli ; a cura di Attilio Simioni. |
| 260 |
_aBari : _bGius. Laterza & Figli, _c1911. |
||
| 300 |
_a391 p. ; _c21 cm. |
||
| 490 | 1 |
_aScrittori d'Italia ; _v12 |
|
| 700 | 1 |
_aSimioni, Attilio. _9154684 |
|
| 830 | 0 | 0 |
_aScrittori d'Italia _v12 _9191925 |
| 852 |
_aES-MaACL _jG-3713 |
||
| 999 |
_c183375 _d183375 |
||